LEADER 01607nam--2200481---450- 001 990000330520203316 005 20060308152226.0 010 $a88-8114-728-9 035 $a0033052 035 $aUSA010033052 035 $a(ALEPH)000033052USA01 035 $a0033052 100 $a20010129d1998----km-y0itay0103----ba 101 $aita 102 $ait 105 $aa|||||||001yy 200 1 $aScrittura visuale a Napoli$e(documenti dal 1958)$fClaudio Caserta$gcon una nota di Angelo Trimarco 210 $aNapoli [etc.]$cEdizioni Scientifiche Italiane$dcopyr.1998 215 $a244 p.$d24 cm 225 2 $aESI/UNI$v105 410 0$12001$aESI-UNI$v49 461 1$1001-------$12001 606 0 $aPoesia visiva$yNapoli$z1960-1990 676 $a851.91409 700 1$aCASERTA,$bClaudio$039415 801 0$aIT$bsalbc$gISBD 912 $a990000330520203316 951 $aVI.3.A. 3079(V C 1696)$b156246 L.M.$cV C$d00069868 951 $aVI.3.A. 3079a(V C 1696 Bis)$b156248 L.M.$cV C$d00069870 951 $aVI.3.A. 3079b(V C 1696 A)$b156247 L.M.$cV C$d00069869 959 $aBK 969 $aUMA 979 $aTAMI$b40$c20010129$lUSA01$h1339 979 $aTAMI$b40$c20010131$lUSA01$h1006 979 $c20020403$lUSA01$h1641 979 $aPATRY$b90$c20040406$lUSA01$h1623 979 $aCOPAT6$b90$c20060308$lUSA01$h1522 979 $aCHIARA$b90$c20071112$lUSA01$h1226 979 $aCHIARA$b90$c20071112$lUSA01$h1230 979 $aCHIARA$b90$c20071112$lUSA01$h1233 979 $aFIORELLA$b90$c20080122$lUSA01$h1004 996 $aScrittura visuale a Napoli$9352748 997 $aUNISA LEADER 03187nam 2200817 450 001 9910829140803321 005 20230807221143.0 010 $a0-271-07195-8 010 $a0-271-07197-4 024 7 $a10.1515/9780271071978 035 $a(CKB)3710000000450493 035 $a(SSID)ssj0001519314 035 $a(PQKBManifestationID)12568772 035 $a(PQKBTitleCode)TC0001519314 035 $a(PQKBWorkID)11513206 035 $a(PQKB)10791116 035 $a(OCoLC)966803592 035 $a(MdBmJHUP)muse55638 035 $a(MiAaPQ)EBC6224695 035 $a(DE-B1597)584431 035 $a(DE-B1597)9780271071978 035 $a(OCoLC)1253313544 035 $a(EXLCZ)993710000000450493 100 $a20201001d2015 uy 0 101 0 $aeng 135 $aur|||||||nn|n 181 $ctxt 182 $cc 183 $acr 200 13$aAn inch or two of time $etime and space in Jewish modernisms /$fJordan D. Finkin 210 1$aUniversity Park, Pennsylvania :$cPennsylvania State University Press,$d[2015] 210 4$dİ2015 215 $a1 online resource (x, 249 pages ) 225 0 $aDimyonot: Jews and the Cultural Imagination ;$vVolume 3 300 $aBibliographic Level Mode of Issuance: Monograph 311 $a0-271-06641-5 320 $aIncludes bibliographical references (pages 231-240) and index. 327 $aIntroduction : the aesthetics of spatiotemporality -- A brief essay on time, space, nation, and metaphor -- "Heymen un Reymen": homelandscapes, shtetlekh, and other creative spaces -- Temporaesthesia -- The revolutionary principles of time and space -- Enclosed in distances : the poetic experiments of Yocheved Bat-Miriam. 330 $a"Explores the metaphorical power of time and space in Jewish modernist poetry in Hebrew and Yiddish as a response to the experience of exile and landlessness, and as a means of furthering modernism's exploration of the self and its relation to community, nation, and the world"--Provided by publisher. 606 $aSpace and time in literature 606 $aYiddish poetry$y20th century$xHistory and criticism 606 $aModernism (Literature) 606 $aJewish poetry$y20th century$xHistory and criticism 606 $aHebrew poetry, Modern$y20th century$xHistory and criticism 610 $aFinkin. 610 $aJew. 610 $aJewish Modernism. 610 $aJudaism. 610 $aaesthetic. 610 $acreative. 610 $aculture. 610 $adrama. 610 $aliterature. 610 $ametaphorical. 610 $anational-ethnic-religious community. 610 $aperspective. 610 $avocabulary. 615 0$aSpace and time in literature. 615 0$aYiddish poetry$xHistory and criticism. 615 0$aModernism (Literature) 615 0$aJewish poetry$xHistory and criticism. 615 0$aHebrew poetry, Modern$xHistory and criticism. 676 $a892.41609 700 $aFinkin$b Jordan D.$f1976-$01650151 801 0$bMiAaPQ 801 1$bMiAaPQ 801 2$bMiAaPQ 906 $aBOOK 912 $a9910829140803321 996 $aAn inch or two of time$93999358 997 $aUNINA